The hidden government : ritual, clientelism, and legitimation in northern Egypt /

محفوظ في:

المؤلف الرئيسي: Reeves, Edward B. (مؤلف)

التنسيق: كتاب

اللغة: English

منشور في: Salt Lake City : University of Utah Press, 1990.

الموضوعات:

الوسوم: إضافة وسم

لا توجد وسوم, كن أول من يضع وسما على هذه التسجيلة!

رقم الطلب: BP188.8 .E32 T367 1990

LEADER 00954nam a2200289 a 4500
001 5913
003 OSt
005 20251001114447.0
008 130303s1990 utua b 001 0 eng d
010 |a 90052748 
020 |a 0874803446 (hard : alk. paper) 
035 |a (OCoLC)22115220 
035 |a 1275594 
040 |c ARCE Library 
043 |a f-ua--- 
050 4 |a BP188.8 .E32 T367 1990 
100 1 |a Reeves, Edward B.,  |e author 
245 1 4 |a The hidden government :   |b ritual, clientelism, and legitimation in northern Egypt /   |c Edward B. Reeves. 
264 1 |a Salt Lake City :   |b University of Utah Press,   |c 1990. 
300 |a xiii, 224 pages :   |b illustrations ;   |c 24 cm. 
504 |a Includes bibliographical references (pages 209-215) and index. 
650 0 |a Muslim saints   |x Cult   |z Egypt   |z Ṭanṭā. 
650 0 |a Sufism   |z Egypt   |z Ṭanṭā. 
650 0 |a Islam and state   |z Egypt. 
901 |a reviewed 
942 |c BK  |2 lcc 
999 |c 6036  |d 6036